Elbing 1945

Titel: Elbing 1945 / Tomasz Ste̜żała
Verfasser:
Veröffentlicht: Warszawa : Inst. Wydawniczy Erica
Format: Mehrteiliges Werk
Sprache: Polnisch
Schriftenreihe/
mehrbändiges Werk:
Prawdziwa historia Elbla̜ga
Schlagworte:
Bände: alle Bände anzeigen
Kein Bild verfügbar
X
alg: 23050010
001A    $03004:25-01-11 
001B    $01999:21-11-16 $t22:54:44.000 
001C    $06060:10-03-15 $t18:01:04.000 
001D    $03004:09-03-11 
001U    $0utf8 
001X    $00 
002@    $0Acu 
003@    $0230500102 
006G    $0104797598X 
006U    $f20140228 
007A    $0230500102 $aHEB 
007T    $0Herdhh230500102 
010@    $apol 
021A    $aElbing 1945 $hTomasz Ste̜żała 
028A    $7 $8Stężała, Tomasz [Tnd] $9230446760 
033A    $pWarszawa $nInst. Wydawniczy Erica 
036G    $aPrawdziwa historia Elbla̜ga 
041A    $RElbing $#Elbing $#Elbing Elbląg $71028071-6 $8Elbląg [Tg1] $9042042631 
045E    $c940 
045F    $a943.832053 $eDDC22ger 
045F/01 $a943.8053 
045F/03 $g43832 
045R    $aGeschichte 1945 

lok: 23050010 24

exp: 23050010 24 1 #EPN
201B/01 $003-01-14 $t11:26:05.000 
201C/01 $025-01-11 
201U/01 $0utf8 
203@/01 $0605105995 
208@/01 $a25-01-11 $bda 
209B/01 $azur Fortsetzung bestellt (050) $x09 
220C/01 $anie. - Bd. 3 gemahnt bei lex pM//27.01.2012 - noch nicht erschienen//03.01.2014 

lok: 23050010 66

exp: 23050010 66 1 #EPN
201B/01 $030-06-11 $t12:07:29.000 
201C/01 $030-06-11 
201U/01 $0utf8 
203@/01 $0622422650 
208@/01 $a30-06-11 $bz 
209A/01 $aD 4 St-T/E 1-2 $du $f000 $x00 
247C/01 $8618123-5 Darmstadt, Bibliothek des Deutschen Polen-Instituts $9102600902 

lok: 23050010 78

exp: 23050010 78 1 #EPN
201B/01 $020-12-17 $t22:58:59.000 
201U/01 $0utf8 
203@/01 $0790869934 
208@/01 $a12-11-16 $be 
220C/01 $aAnmerkung: *ng 
244Z/01 $2Trx $#Poola $#Lenkija $#Polija $#Polen Land $#Poland $#Lengyelország $#Poľsko $#Polsko $8--Trx--Polska$gkraj $x01 $9391345966 
244Z/01 $2Trx $#Prusy Wschodnie i Zachodnie $8--Trx--Ost- und Westpreußen $x02 $939113373X 
244Z/01 $#Elbing $#Elbing Elbląg $71028071-6 $8--Tg1--Elbląg $x03 $9042042631 
244Z/01 $aGeschichte 1945 $x04 
244Z/01 $2Trx $8--Trx--Monographie $x05 $9391384546 
247C/01 $82080>Marburg/Lahn, Herder-Institut, Forschungsbibliothek, Bibliographieportal $9336309341
LEADER 00000cam a2200000 ca4500
001 230500102
003 DE-603
005 20161121225444.0
007 tu
008 110125s xx |||| | u00||u|pol
016 7 |2 DE-101  |a 104797598X 
035 |a (DE-599)HEB230500102 
040 |a DE-603  |b ger  |c DE-603  |d DE-603 
041 |a pol 
082 0 4 |8 1\u  |a 943.832053  |q DE-101  |2 22/ger 
084 |a 940  |q DE-101  |2 sdnb 
085 |8 1\u  |b 943.8053 
085 |8 1\u  |z 2  |s 43832 
100 1 |a Stężała, Tomasz  |0 (DE-603)230446760 
245 0 0 |a Elbing 1945  |c Tomasz Ste̜żała 
264 1 |a Warszawa  |b Inst. Wydawniczy Erica 
490 0 |a Prawdziwa historia Elbla̜ga 
648 7 |a Geschichte 1945  |2 gnd 
651 7 |a Elbląg  |0 (DE-588)1028071-6  |0 (DE-603)042042631  |2 gnd 
924 0 |9 603  |a (DE-603)605105995  |b DE-603  |c HES  |d d 
924 0 |9 Ds 123  |a (DE-603)622422650  |b DE-Ds123  |c HES  |d d  |g D 4 St-T/E 1-2 
924 0 |9 2080  |a (DE-603)790869934  |b DE-2080  |c HES  |d d